[Event "Mechanics' Mar TNM; 30/90, SD/30"]
[Site "San Francisco"]
[Date "2012.07.31"]
[Round "1.20"]
[White "Efkham-Ebrahimi, Payam"]
[Black "Bayaraa, Chinguun"]
[Result "1-0"]
[WhiteElo "1873"]
[BlackElo "1270"]
[PlyCount "71"]
[EventDate "2012.??.??"]

1. c4 e6 2. Nc3 d5 3. d4 Nf6 4. Bg5 Be7 5. Nf3 O-O 6. e3 Nbd7 7. c5 h6 8. Bh4
c6 9. Bd3 b6 10. b4 bxc5 11. bxc5 a5 12. Qa4 Nb8 13. Ne5 Bd7 14. Rb1 Ne8 15.
Bg3 Nc7 16. Rb7 Bc8 17. Rxb8 Rxb8 18. Nxc6 Bd7 19. Nxe7+ Qxe7 20. Qxa5 Na8 21.
Bxb8 Rxb8 22. Qa7 Qd8 23. O-O Nc7 24. a4 Ra8 25. Qb6 Ne8 26. Qxd8 Rxd8 27. Bb5
Bc8 28. a5 Nc7 29. Bd3 Bd7 30. Rb1 Na8 31. a6 g6 32. a7 Bc6 33. Rb8 Rf8 34. Bb5
Bxb5 35. Nxb5 Kg7 36. c6 1-0

[Event "Mechanics' Winter TNM; 30/90, SD/30"]
[Site "San Francisco"]
[Date "2012.01.24"]
[Round "4.24"]
[White "Eytan, David"]
[Black "Bayaraa, Chingun"]
[Result "1-0"]
[WhiteElo "1608"]
[BlackElo "1355"]
[PlyCount "111"]
[EventDate "2012.??.??"]

1. f4 d5 2. Nf3 e6 3. e3 c5 4. b3 Nf6 5. Bb2 Nc6 6. Nc3 Be7 7. Ne2 b6 8. Ng3
Bb7 9. Bd3 O-O 10. O-O Nb4 11. Ne5 Nxd3 12. cxd3 d4 13. Nh5 Nxh5 14. Qxh5 Bf6
15. e4 Bxe5 16. Qxe5 Qd7 17. Rf3 f6 18. Qh5 Qf7 19. Qh4 f5 20. Re1 Rfe8 21. Rh3
h6 22. Rg3 Kh7 23. Rg5 Ba6 24. Rg3 Bb7 25. b4 Rac8 26. bxc5 bxc5 27. Ba3 Ba8
28. Rg5 Qf6 29. exf5 exf5 30. Rxe8 Rxe8 31. Bxc5 Kg8 32. Qh5 Qc6 33. Rg3 Qe6
34. h3 Rd8 35. Bxa7 Rd7 36. Bb8 Bd5 37. a4 Rf7 38. Be5 Bc6 39. Rg6 Qd5 40. Qxh6
Qd7 41. Bxg7 Rxg7 42. Rxg7+ Qxg7 43. Qxc6 Qa7 44. Qg6+ Kh8 45. Qe8+ Kh7 46. h4
Qc7 47. Qh5+ Kg8 48. Qxf5 Qc1+ 49. Kh2 Qxd2 50. a5 Qa2 51. Qb5 Qf2 52. Qg5+ Kf8
53. a6 Qa2 54. Qc5+ Kg8 55. Qc4+ Qxc4 56. dxc4 1-0

[Event "Mechanics' Spring TNM; 30/90, SD/30"]
[Site "San Francisco"]
[Date "2012.03.13"]
[Round "1.12"]
[White "Eytan, David"]
[Black "Byambaa, Uyanga"]
[Result "0-1"]
[WhiteElo "1585"]
[BlackElo "2029"]
[PlyCount "98"]
[EventDate "2012.??.??"]

1. e4 c5 2. Nf3 d6 3. Nc3 Nf6 4. d4 cxd4 5. Nxd4 a6 6. Be3 e5 7. Nb3 Be7 8. h3
Be6 9. g4 b5 10. Bd3 Nc6 11. g5 Nd7 12. h4 Nc5 13. Rg1 Nb4 14. h5 Rc8 15. h6 g6
16. Rc1 O-O 17. f4 exf4 18. Bxf4 Nbxd3+ 19. cxd3 f5 20. Nd4 Bd7 21. b4 fxe4 22.
bxc5 Rxf4 23. Qb3+ Kh8 24. Ne6 Bxe6 25. Qxe6 Rxc5 26. Kd1 Re5 27. Qh3 Rf3 28.
Rg3 Bxg5 29. Rxf3 exf3 30. Rc2 Re3 31. Ne4 Rxd3+ 32. Nd2 Rxd2+ 33. Rxd2 Bxd2
34. Kxd2 Qg5+ 35. Ke1 Qc1+ 36. Kf2 Qd2+ 37. Kg3 Qg2+ 38. Qxg2 fxg2 39. Kxg2 a5
40. Kf3 Kg8 41. Ke4 b4 42. Kd5 a4 43. Kc4 b3 44. axb3 axb3 45. Kxb3 g5 46. Kc4
Kf7 47. Kd4 Ke6 48. Ke4 d5+ 49. Kd4 g4 0-1

[Event "Mechanics' Spring TNM; 30/90, SD/30"]
[Site "San Francisco"]
[Date "2012.04.17"]
[Round "6.26"]
[White "Eytan, David"]
[Black "Furukawa, Jon"]
[Result "1-0"]
[WhiteElo "1585"]
[BlackElo "1275"]
[PlyCount "71"]
[EventDate "2012.??.??"]

1. e4 e5 2. Nf3 Nc6 3. d4 exd4 4. Nxd4 Nf6 5. Nc3 Be7 6. Be3 O-O 7. Be2 Ne5 8.
f4 Ng6 9. e5 Ne8 10. O-O d6 11. exd6 Nxd6 12. f5 c5 13. fxg6 cxd4 14. gxh7+ Kh8
15. Bxd4 Nf5 16. Bf2 Be6 17. Bd3 Rc8 18. Bxa7 b6 19. Bxf5 Bc5+ 20. Kh1 Qe7 21.
Nb5 Rcd8 22. Qg4 Bc4 23. Qxc4 Rd2 24. Rae1 Qg5 25. Be4 Qh5 26. Rf3 Qh4 27. Ref1
f6 28. Rg3 Rfd8 29. Qf7 Qh6 30. Bd3 Rf2 31. Rf3 Qd2 32. R3xf2 Bxf2 33. Qc7 Rxd3
34. cxd3 Qe2 35. Qc8+ Kxh7 36. Qf5+ 1-0

[Event "Mechanics' Winter TNM; 30/90, SD/30"]
[Site "San Francisco"]
[Date "2012.01.10"]
[Round "2.22"]
[White "Eytan, David"]
[Black "Hilliard, Michael"]
[Result "1-0"]
[WhiteElo "1608"]
[BlackElo "1408"]
[PlyCount "91"]
[EventDate "2012.??.??"]

1. f4 d5 2. Nf3 Nf6 3. e3 Bf5 4. Nc3 e6 5. b3 c5 6. Bb5+ Nc6 7. O-O Be7 8. Bb2
O-O 9. Bxc6 bxc6 10. Ne5 Qb6 11. Ne2 h6 12. Ng3 Bh7 13. Nh5 c4 14. Nxf6+ Bxf6
15. Nd7 Bxb2 16. Nxb6 Bxa1 17. Qxa1 axb6 18. Rf3 cxb3 19. cxb3 b5 20. Rg3 f6
21. h4 b4 22. Qc1 Rfc8 23. Qb2 Kf7 24. d4 Ra7 25. Qd2 Rb8 26. h5 Bb1 27. Qc1
Bxa2 28. Qxc6 Bxb3 29. Qd6 Rab7 30. e4 Bc4 31. e5 b3 32. exf6 gxf6 33. f5 Re8
34. Qc6 Rbe7 35. Rg6 Bd3 36. fxe6+ Rxe6 37. Qb7+ R8e7 38. Qxb3 Bxg6 39. hxg6+
Kxg6 40. Qxd5 Re1+ 41. Kh2 Rd1 42. Qg8+ Rg7 43. Qe8+ Kh7 44. Qe4+ Kh8 45. Qe8+
Rg8 46. Qh5 1-0

[Event "Mechanics' Spring TNM; 30/90, SD/30"]
[Site "San Francisco"]
[Date "2012.05.01"]
[Round "8.19"]
[White "Eytan, David"]
[Black "Krasnov, Steven"]
[Result "0-1"]
[WhiteElo "1585"]
[BlackElo "2033"]
[PlyCount "46"]
[EventDate "2012.??.??"]

1. f4 Nf6 2. Nf3 g6 3. e3 Bg7 4. Nc3 c5 5. d4 cxd4 6. exd4 d6 7. Bd3 O-O 8. O-O
Nc6 9. Ne2 Qb6 10. c3 e5 11. fxe5 dxe5 12. Qc2 Bg4 13. Be3 Rac8 14. h3 Bxf3 15.
gxf3 exd4 16. Nxd4 Nd5 17. Bf2 Nxd4 18. Qd1 Nf4 19. Kh2 Qd6 20. Bg3 Nde6 21.
Qa4 Be5 22. Rad1 Nxd3 23. Bxe5 Qxe5+ 0-1

[Event "Mechanics' Winter TNM; 30/90, SD/30"]
[Site "San Francisco"]
[Date "2012.02.14"]
[Round "7.16"]
[White "Eytan, David"]
[Black "Newey, Richard"]
[Result "1-0"]
[WhiteElo "1608"]
[BlackElo "1724"]
[PlyCount "97"]
[EventDate "2012.??.??"]

1. f4 d5 2. Nf3 c5 3. e3 Nf6 4. b3 g6 5. Bb2 Bg7 6. Bd3 O-O 7. O-O a6 8. a4 Nc6
9. Nc3 Re8 10. Ne2 Nb4 11. Ne5 Nd7 12. Ng3 Nxd3 13. Nxd3 Bxb2 14. Nxb2 e5 15.
f5 e4 16. c4 d4 17. Qc2 Nf6 18. fxg6 hxg6 19. Rf4 Nh5 20. Nxh5 gxh5 21. Rxe4
dxe3 22. Rxe3 Qd4 23. Rae1 Bd7 24. Nd1 Re5 25. Nf2 Bf5 26. Qd1 Rxe3 27. Rxe3
Bg6 28. Kf1 Rd8 29. Ke1 Kg7 30. Qc1 Rd6 31. Qc3 Qxc3 32. Rxc3 Re6+ 33. Kd1 Rf6
34. Nd3 b6 35. Ne5 Rf2 36. Rg3 Rf1+ 37. Ke2 Rb1 38. Nd7 b5 39. axb5 axb5 40.
cxb5 Kh6 41. b6 h4 42. b7 Bh5+ 43. Rf3 Bxf3+ 44. gxf3 Rxb3 45. b8=Q Rxb8 46.
Nxb8 Kg5 47. Ke3 f5 48. Nd7 f4+ 49. Ke4 1-0

[Event "Mechanics' Winter TNM; 30/90, SD/30"]
[Site "San Francisco"]
[Date "2012.02.07"]
[Round "6.22"]
[White "Eytan, David"]
[Black "Rakonitz, David"]
[Result "1-0"]
[WhiteElo "1608"]
[BlackElo "1461"]
[PlyCount "67"]
[EventDate "2012.??.??"]

1. f4 Nf6 2. Nf3 e6 3. e3 b6 4. Nc3 Bb7 5. Bd3 Be7 6. O-O d6 7. b3 Nbd7 8. Bb2
O-O 9. Ne2 Ne4 10. Rc1 Ndc5 11. Bxe4 Nxe4 12. d3 Bf6 13. Bxf6 Nxf6 14. Ng3 Nd5
15. Qd2 f5 16. c4 Nf6 17. Ng5 Qe8 18. e4 h6 19. e5 dxe5 20. fxe5 Nd7 21. Nf3
Bxf3 22. gxf3 Nxe5 23. Rce1 Nd7 24. Rf2 Qg6 25. Rg2 c5 26. Ne4 Qh5 27. Nd6 e5
28. f4 Rf6 29. fxe5 Nxe5 30. Rxe5 Rxd6 31. Re7 g5 32. Qe1 Rad8 33. h3 Rxd3 34.
Qe6+ 1-0

[Event "Mechanics' Spring TNM; 30/90, SD/30"]
[Site "San Francisco"]
[Date "2012.04.10"]
[Round "5.17"]
[White "Eytan, David"]
[Black "Shnaiderman, Lazar"]
[Result "0-1"]
[WhiteElo "1585"]
[BlackElo "1873"]
[PlyCount "88"]
[EventDate "2012.??.??"]

1. e4 c5 2. Nf3 g6 3. d4 cxd4 4. Nxd4 Nc6 5. Be3 Nf6 6. Nc3 Bg7 7. Qd2 Ng4 8.
O-O-O Nxe3 9. fxe3 d6 10. Bc4 O-O 11. Rhf1 Ne5 12. Bb3 a6 13. Nd5 b5 14. h3 Bb7
15. Rf2 Rc8 16. Rdf1 Nc4 17. Qe2 Na5 18. Qd3 Nxb3+ 19. Qxb3 Rc4 20. Qd3 e6 21.
Nf4 Qc8 22. Nfe2 e5 23. b3 exd4 24. bxc4 bxc4 25. Qa3 dxe3 26. Qxe3 Qe6 27. Ng3
Qe5 28. Rf4 Bh6 29. Kd1 Bxf4 30. Rxf4 Qa1+ 31. Kd2 Qxa2 32. Qc3 Bc8 33. h4 Qa4
34. h5 Qb5 35. hxg6 hxg6 36. Nf5 Bxf5 37. exf5 Qd5+ 38. Kc1 Qxg2 39. fxg6 Qg5
40. Qxc4 d5 41. gxf7+ Rxf7 42. Qc8+ Kg7 43. Qc3+ Kg6 44. Qc6+ Kh7 0-1

[Event "Mechanics' Summer TNM; 30/90, SD/30"]
[Site "San Francisco"]
[Date "2012.07.03"]
[Round "7.24"]
[White "Flores, David"]
[Black "Allen, Tom"]
[Result "0-1"]
[WhiteElo "1588"]
[BlackElo "1450"]
[Annotator "Donaldson"]
[PlyCount "106"]
[EventDate "2012.??.??"]

1. e4 e5 2. Nf3 Nc6 3. Bc4 Nf6 4. d4 exd4 5. O-O d5 6. e5 dxc4 7. exf6 Bc5 8.
Re1+ Be6 9. Ng5 Qd5 10. Nc3 Qf5 11. g4 Qxf6 $2 (11... Qg6 {forced}) 12. Nce4 (
12. Nd5 Qd8 13. Rxe6+ fxe6 14. Nxe6 $16) 12... Qe7 13. Nxe6 fxe6 14. Ng5 O-O $1
15. Nxe6 Qh4 16. Nxc5 Rxf2 17. Bf4 Rxf4 18. Qe2 Qxg4+ 19. Kh1 Qxe2 20. Rxe2
Raf8 21. Ne6 Rf1+ 22. Rxf1 Rxf1+ 23. Kg2 Rf7 24. Ng5 Re7 25. Rxe7 Nxe7 26. Ne6
d3 27. cxd3 cxd3 28. Kf2 Nd5 29. Nc5 d2 30. Ke2 b6 31. Ne4 h6 32. Kxd2 Kf7 33.
Kd3 Ke6 34. Nf2 g5 35. Kc4 c6 36. a4 Ke5 37. Ng4+ Kf4 38. Nxh6 g4 39. Nf7 Ne3+
40. Kd3 Nf1 41. Ke2 Nxh2 42. Kf2 Nf3 43. Nd6 g3+ 44. Kg2 Ne1+ 45. Kg1 Kf3 46.
Nf5 g2 47. Nd4+ Ke4 48. Nxc6 Kf4 49. b3 Kg3 50. Nd4 Nf3+ 51. Nxf3 Kxf3 52. b4
a6 53. a5 b5 0-1

[Event "Mechanics' Summer TNM; 30/90, SD/30"]
[Site "San Francisco"]
[Date "2012.06.05"]
[Round "3.22"]
[White "Flores, David"]
[Black "Barrow, Lyle"]
[Result "0-1"]
[WhiteElo "1588"]
[BlackElo "1432"]
[PlyCount "38"]
[EventDate "2012.??.??"]

1. e4 c5 2. Nf3 d6 3. Bc4 e6 4. c3 g6 5. d3 Bg7 6. Be3 Nc6 7. Nbd2 a6 8. Qe2 b5
9. Bb3 Nge7 10. O-O Bb7 11. Ng5 Qd7 12. a4 b4 13. Rac1 h6 14. Nc4 hxg5 15. Nb6
Qc7 16. Nxa8 Bxa8 17. cxb4 Nxb4 18. d4 d5 19. Rxc5 Qxh2# 0-1

[Event "Mechanics' Spring TNM; 30/90, SD/30"]
[Site "San Francisco"]
[Date "2012.04.03"]
[Round "4.28"]
[White "Flores, David"]
[Black "Bayaraa, Chinguun"]
[Result "1-0"]
[WhiteElo "1588"]
[BlackElo "1443"]
[Annotator "Donaldson"]
[PlyCount "41"]
[EventDate "2012.??.??"]

1. e4 c6 2. Nf3 c5 3. Bc4 d6 4. O-O e6 5. Re1 Ne7 6. Nc3 g6 7. d4 cxd4 8. Qxd4
Rg8 9. Bg5 Bg7 10. Qd2 Nbc6 11. Rad1 Na5 12. Bb5+ Bd7 13. Bxd7+ Qxd7 14. Nd5
Nxd5 15. exd5 Nc4 16. Qb4 (16. dxe6 fxe6 17. Qd5) 16... Rc8 17. dxe6 fxe6 18.
b3 $2 a5 $1 19. Rxe6+ $1 {Forced.} Qxe6 20. Qxb7 (20. Qb5+ Qd7 21. Qd5 Qf7 22.
Qb5+ $11) 20... Ne5 21. Nd4 $11 {
White won on time. He is a rook down but has strong compensation.} 1-0

[Event "Mechanics' Fall TNM; 30/90, SD/30"]
[Site "San Francisco"]
[Date "2012.12.04"]
[Round "8.20"]
[White "Flores, David"]
[Black "Bayaraa, Chinguun"]
[Result "1-0"]
[WhiteElo "1539"]
[BlackElo "1329"]
[PlyCount "47"]
[EventDate "2012.??.??"]

1. e4 c5 2. Nf3 d6 3. Bc4 e6 4. O-O Be7 5. d4 cxd4 6. Nxd4 Nf6 7. Qe2 O-O 8.
Nc3 Nbd7 9. Bxe6 Nc5 10. Bc4 a6 11. b4 Ncd7 12. Bb2 Ne5 13. Bb3 Qb6 14. Nf5
Bxf5 15. exf5 Qc7 16. Rad1 Rad8 17. Nd5 Nxd5 18. Rxd5 Rde8 19. Qh5 Nd7 20. Rd3
Bf6 21. Rh3 h6 22. Bc1 Re7 23. Bxh6 Rd8 24. Bg5 1-0

[Event "Mechanics' Mar TNM; 30/90, SD/30"]
[Site "San Francisco"]
[Date "2012.08.14"]
[Round "3.15"]
[White "Flores, David"]
[Black "Chernobilskiy, Mikhail"]
[Result "0-1"]
[WhiteElo "1605"]
[BlackElo "1855"]
[PlyCount "72"]
[EventDate "2012.??.??"]

1. e4 c5 2. d4 e6 3. Nf3 cxd4 4. Bc4 Qc7 5. Qxd4 Nf6 6. Bd3 Bc5 7. Qe5 d6 8.
Qg5 O-O 9. Nc3 Nc6 10. Qg3 Ne8 11. e5 f5 12. Bf4 dxe5 13. Nxe5 Bd6 14. Nxc6
Bxf4 15. Ne7+ Kf7 16. Qh4 Nf6 17. Nxc8 g5 18. Qh3 g4 19. Qh4 Rg8 20. f3 Qe5+
21. Kd1 Raxc8 22. Qe1 Qd4 23. g3 Be3 24. Rf1 Rgd8 25. Qe2 gxf3 26. Rxf3 Ng4 27.
Rb1 Bh6 28. Ke1 Rc5 29. h3 Ne3 30. Rxe3 Bxe3 31. Kf1 Re5 32. Qf3 Rd7 33. Ne2
Qa4 34. a3 Kg7 35. Nf4 Qa5 36. Rd1 Qb6 {
and Black won in a few moves. The scoresheets stop here.} 0-1

[Event "Mechanics' Spring TNM; 30/90, SD/30"]
[Site "San Francisco"]
[Date "2012.04.24"]
[Round "7.23"]
[White "Flores, David"]
[Black "Curto, Barry"]
[Result "1-0"]
[WhiteElo "1588"]
[BlackElo "1902"]
[PlyCount "65"]
[EventDate "2012.??.??"]

1. e4 c5 2. Nf3 d6 3. Bc4 e6 4. O-O Nc6 5. c3 Nf6 6. d3 Bd7 7. Re1 Qc7 8. a4
Be7 9. Na3 a6 10. Be3 Ng4 11. Bf4 e5 12. Bg3 O-O 13. Nc2 Be6 14. Bd5 Nf6 15. c4
Nh5 16. Nxe5 Nxg3 17. Nxc6 bxc6 18. Bxe6 fxe6 19. hxg3 Bf6 20. d4 cxd4 21. Nxd4
Rfe8 22. Rb1 Rab8 23. Re2 Rb7 24. Rd2 Be7 25. Nxe6 Rb3 26. Nxc7 Rf3 27. Nxe8
Bh4 28. Nxg7 Rd3 29. Rxd3 Bf6 30. Nf5 Bc3 31. Rxd6 Bd2 32. Qg4+ Bg5 33. Qxg5+
1-0

[Event "Mechanics' Mar TNM; 30/90, SD/30"]
[Site "San Francisco"]
[Date "2012.09.25"]
[Round "9.14"]
[White "Flores, David"]
[Black "De Lenea, Digne"]
[Result "1-0"]
[WhiteElo "1605"]
[BlackElo "1906"]
[PlyCount "77"]
[EventDate "2012.??.??"]

1. e4 e6 2. d4 c5 3. Nf3 cxd4 4. Nxd4 Bc5 5. Nc3 Nc6 6. Be3 Qb6 7. Na4 Qa5+ 8.
c3 Nxd4 9. Nxc5 Nc6 10. Nb3 Qe5 11. Bd3 Nf6 12. f4 Qc7 13. O-O d6 14. Qf3 Bd7
15. Qg3 g6 16. Qg5 Ng8 17. Rad1 f6 18. Qg3 O-O-O 19. Nd4 a6 20. b4 Nge7 21. b5
Nxd4 22. cxd4 axb5 23. Rc1 Bc6 24. Bxb5 Kd7 25. a4 Qa5 26. Rb1 Rb8 27. Qh3 f5
28. d5 exd5 29. Bd4 Bxb5 30. axb5 Rhc8 31. exf5 gxf5 32. Qxh7 Qd2 33. Bf6 Qe3+
34. Kh1 Qe6 35. Bxe7 Rh8 36. Qg7 Rbg8 37. Qf6 Qxe7 38. Qxf5+ Ke8 39. Rbe1 1-0

[Event "Mechanics' Mar TNM; 30/90, SD/30"]
[Site "San Francisco"]
[Date "2012.07.31"]
[Round "1.7"]
[White "Flores, David"]
[Black "Grey, Peter"]
[Result "0-1"]
[WhiteElo "1605"]
[BlackElo "2014"]
[PlyCount "70"]
[EventDate "2012.??.??"]

1. e4 c5 2. d4 cxd4 3. c3 Nf6 4. e5 Nd5 5. cxd4 Nc6 6. Nf3 d6 7. Bb5 Qa5+ 8.
Nc3 Nxc3 9. Bxc6+ bxc6 10. Qd2 Ba6 11. bxc3 e6 12. a4 d5 13. Ng5 h6 14. Nh3 Be7
15. Nf4 h5 16. h4 Rb8 17. Qc2 Kd7 18. Nd3 Bc4 19. Bg5 Bxd3 20. Qxd3 Bxg5 21.
hxg5 Rb3 22. Kd2 g6 23. Rhc1 Rhb8 24. Qf3 Ke8 25. Qf6 Qd8 26. Ra2 Qxf6 27. exf6
Kd7 28. c4 R8b4 29. Rc3 dxc4 30. a5 Kd6 31. f3 Kd5 32. Rxb3 cxb3 33. Rb2 Kxd4
34. Kc1 Kc3 35. Re2 Rd4 0-1

[Event "Mechanics' Fall TNM; 30/90, SD/30"]
[Site "San Francisco"]
[Date "2012.10.16"]
[Round "1.10"]
[White "Flores, David"]
[Black "Jones, James"]
[Result "1/2-1/2"]
[WhiteElo "1539"]
[BlackElo "2042"]
[PlyCount "129"]
[EventDate "2012.??.??"]

1. e4 c5 2. Nf3 d6 3. Bc4 Nf6 4. d3 Nc6 5. Nc3 Bg4 6. h3 Bxf3 7. Qxf3 e6 8. a3
Be7 9. O-O O-O 10. Ba2 Nd4 11. Qd1 Rb8 12. Ne2 b5 13. c3 Nc6 14. Nf4 d5 15.
exd5 Nxd5 16. Ne2 b4 17. axb4 cxb4 18. c4 Nf6 19. Be3 Qc7 20. Nd4 Nxd4 21. Bxd4
Rfd8 22. Be3 Bc5 23. Bb1 Bd4 24. Bxd4 Rxd4 25. Qa4 Rb7 26. Re1 g6 27. Re3 Nd7
28. Re4 Rxe4 29. dxe4 Qxc4 30. Qc2 Ne5 31. f4 Qxc2 32. Bxc2 Nc4 33. b3 Na3 34.
Bd1 Rc7 35. Ra2 Nb1 36. Rc2 Nc3 37. Bf3 Rd7 38. Kh2 Rd4 39. Kg3 Nxe4+ 40. Bxe4
Rxe4 41. Kf3 Re1 42. Rb2 Kg7 43. h4 Kf6 44. g4 e5 45. fxe5+ Kxe5 46. Ra2 Kd4
47. Rxa7 Kc3 48. Kf2 Re4 49. Kf3 f5 50. gxf5 gxf5 51. Rxh7 Kxb3 52. h5 Rg4 53.
h6 Rh4 54. Kg3 Rh5 55. Rh8 Kb2 56. h7 b3 57. Kf4 Kb1 58. Ke5 b2 59. Kf4 Kc2 60.
Rc8+ Kd3 61. Rb8 Kc3 62. Rc8+ Kd3 63. Rb8 Rxh7 64. Rxb2 Rh5 65. Rb5 1/2-1/2

[Event "Mechanics' Fall TNM; 30/90, SD/30"]
[Site "San Francisco"]
[Date "2012.11.20"]
[Round "6.12"]
[White "Flores, David"]
[Black "Morton, Adam"]
[Result "0-1"]
[WhiteElo "1539"]
[BlackElo "1894"]
[PlyCount "92"]
[EventDate "2012.??.??"]

1. e4 e5 2. Bc4 Nf6 3. d4 exd4 4. Nf3 Nc6 5. O-O Nxe4 6. Nxd4 d5 7. Bb5 Bd7 8.
Nxc6 bxc6 9. Bd3 Nf6 10. Bg5 Be7 11. Re1 O-O 12. Nd2 Re8 13. h3 Rb8 14. b3 h6
15. Bh4 Nh7 16. Bg3 Bf6 17. Rb1 Rxe1+ 18. Qxe1 Bc3 19. Qd1 Ng5 20. Kh1 Qf6 21.
f4 Ne6 22. f5 Nc5 23. Nf3 Nxd3 24. Qxd3 Bxf5 25. Qe2 Be4 26. Rf1 Qg6 27. Bxc7
Re8 28. Qf2 a6 29. Nh4 Qf6 30. Qxf6 Bxf6 31. Nf5 Bc3 32. Nd6 Re7 33. Nxe4 Rxe4
34. Rf2 Kf8 35. Bd6+ Ke8 36. a3 Kd7 37. Bb4 Bxb4 38. axb4 f6 39. c3 Re3 40. Rf3
Rxf3 41. gxf3 Ke6 42. Kg2 Ke5 43. Kg3 d4 44. c4 d3 45. Kf2 Kd4 46. Ke1 Kc3 0-1

[Event "Mechanics' Mar TNM; 30/90, SD/30"]
[Site "San Francisco"]
[Date "2012.09.04"]
[Round "6.14"]
[White "Flores, David"]
[Black "Ochoa, Jason"]
[Result "0-1"]
[WhiteElo "1605"]
[BlackElo "1900"]
[PlyCount "121"]
[EventDate "2012.??.??"]

1. e4 c5 2. Nf3 g6 3. Bc4 Bg7 4. O-O Nc6 5. Re1 d6 6. c3 Nf6 7. h3 O-O 8. d4
cxd4 9. cxd4 Bd7 10. Nc3 Na5 11. Be2 Rc8 12. Bf4 Nh5 13. Bh2 Be6 14. Ng5 Nc4 {
(missing from...} 15. Nxe6 fxe6 {...score)} 16. Bxh5 gxh5 17. Ne2 Nxb2 18. Qb3
Qb6 19. Qxe6+ Kh8 20. Rab1 Bxd4 21. Nxd4 Qxd4 22. Bg3 Rc2 23. Rf1 Qf6 24. Qxf6+
Rxf6 25. e5 Rg6 26. exd6 exd6 27. Rfe1 Kg8 28. Re7 Rg7 29. Re6 Rg6 30. Re8+ Kf7
31. Rb8 b6 32. Rb7+ Ke6 33. Rxa7 h6 34. a4 Nc4 35. Rd1 Nd2 36. Ra8 h4 37. Bxh4
Nf3+ 38. Kf1 Nxh4 39. g4 Nf3 40. Re8+ Kd7 41. Re3 Rf6 42. Kg2 Nh4+ 43. Kg3 Ng6
44. f3 Re6 45. Red3 Ne5 46. Rb3 Nc4 47. Rdd3 Kc6 48. Rb5 Ne5 49. Rdb3 Nd7 50.
a5 bxa5 51. Rxa5 Ree2 52. Ra6+ Kc7 53. Ra7+ Kc6 54. Ra6+ Kc5 55. Rd3 Re6 56.
Ra7 Ne5 57. Rda3 Nc4 58. Rb3 Ne5 59. Re3 Kd5 60. Rea3 Rf6 61. R7a5+ {eventual}
0-1

[Event "Mechanics' Spring TNM; 30/90, SD/30"]
[Site "San Francisco"]
[Date "2012.03.20"]
[Round "2.15"]
[White "Flores, David"]
[Black "Ochoa, Jason"]
[Result "0-1"]
[WhiteElo "1588"]
[BlackElo "1906"]
[PlyCount "71"]
[EventDate "2012.??.??"]

1. e4 c5 2. Nf3 g6 3. Bc4 Bg7 4. O-O Nc6 5. d3 d6 6. Nc3 Nf6 7. h3 O-O 8. Bg5
Na5 9. Bb3 Nxb3 10. axb3 Be6 11. e5 dxe5 12. Nxe5 Nd5 13. Qe1 Nb4 14. Rc1 a6
15. f4 h6 16. Nxg6 hxg5 17. Nxf8 Qd4+ 18. Kh2 Rxf8 19. Ne4 Nd5 20. c3 Qxd3 21.
Rf3 Qb5 22. c4 Qc6 23. f5 Nf4 24. fxe6 Nxe6 25. Rf5 Nf4 26. Rxg5 f5 27. Nc3 Qh6
28. Rg3 Kh8 29. Rd1 Bd4 30. Rxd4 cxd4 31. Qe5+ Qf6 32. Qxf4 dxc3 33. bxc3 e5
34. Qf3 Qh6 35. Qf2 Qh5 36. Qc2 {remainder illegible} 0-1

[Event "Mechanics' Summer TNM; 30/90, SD/30"]
[Site "San Francisco"]
[Date "2012.06.19"]
[Round "5.25"]
[White "Flores, David"]
[Black "Shi, Jaysen"]
[Result "0-1"]
[WhiteElo "1588"]
[BlackElo "1537"]
[PlyCount "64"]
[EventDate "2012.??.??"]

1. e4 e6 2. d4 d5 3. Nc3 Bb4 4. e5 c5 5. Nf3 Nc6 6. Bb5 Bxc3+ 7. bxc3 Qa5 8.
Bxc6+ bxc6 9. Qd2 Ba6 10. a4 Nh6 11. dxc5 Qxc5 12. Nd4 Qc4 13. Qd3 Qxd3 14.
cxd3 c5 15. Nb5 Bxb5 16. Bxh6 Bxd3 17. Bxg7 Rg8 18. Bf6 Rxg2 19. Kd2 c4 20. Ke3
Kd7 21. Rag1 Rag8 22. Ra1 R8g4 23. h3 Re4+ 24. Kf3 Rg6 25. Rhe1 Rxe1 26. Rxe1
Rg8 27. h4 Rb8 28. Ke3 h5 29. Kd4 Rb2 30. Ra1 Rxf2 31. a5 Kc6 32. Rg1 Re2 0-1

[Event "Mechanics' Fall TNM; 30/90, SD/30"]
[Site "San Francisco"]
[Date "2012.11.13"]
[Round "5.19"]
[White "Flores, David"]
[Black "Standen, Julian"]
[Result "1-0"]
[WhiteElo "1539"]
[BlackElo "1725"]
[Annotator "Donaldson"]
[PlyCount "59"]
[EventDate "2012.??.??"]

1. e4 c6 2. d4 d5 3. Nc3 dxe4 4. Nxe4 Nd7 5. Nf3 Ngf6 6. Ng3 e6 7. Bc4 Bd6 8.
Bg5 h6 9. Bd2 O-O 10. Qe2 Re8 11. Ne5 Qc7 12. f4 c5 13. c3 cxd4 14. cxd4 Nb6
15. Bb3 Nbd5 16. O-O Bd7 17. Rac1 Qb6 18. Bc3 Rac8 19. Qf3 Bc6 20. Nxc6 Qxc6
21. Nh5 Nxh5 22. Qxh5 Nf6 23. Qh3 Qd7 24. Kh1 Re7 25. Rcd1 Nd5 26. Bd2 Nxf4 27.
Qg4 Nd5 28. Rf3 e5 $4 (28... f5 $1 $17) 29. Qe4 $1 ({Or} 29. Qxd7 Rxd7 30. Bxd5
$18) 29... Nf6 (29... Nb6 30. Bxh6) 30. Rxf6 1-0

[Event "Mechanics' Winter TNM; 30/90, SD/30"]
[Site "San Francisco"]
[Date "2012.01.31"]
[Round "5.24"]
[White "Frank, Robert"]
[Black "Allen, Tom"]
[Result "1/2-1/2"]
[WhiteElo "1360"]
[BlackElo "1549"]
[PlyCount "86"]
[EventDate "2012.??.??"]

1. d4 d5 2. Nf3 Nc6 3. e3 Bg4 4. c4 e6 5. cxd5 Qxd5 6. Nc3 Bb4 7. Be2 Nf6 8. a3
Bxc3+ 9. bxc3 O-O 10. h3 Bf5 11. c4 Qd6 12. O-O Ne4 13. Qb3 b6 14. Rd1 a5 15.
a4 Nb4 16. Ba3 c5 17. dxc5 Nxc5 18. Rxd6 Nxb3 19. Rf1 Rab8 20. Ne5 Nc5 21. Nc6
Nxc6 22. Bxc5 Rfc8 23. Bd4 Bc2 24. Ra1 Bb3 25. c5 e5 26. Rxc6 Rxc6 27. Bxe5 Rd8
28. cxb6 Rc2 29. Bf3 f6 30. Bc7 Rxc7 31. bxc7 Rc8 32. Be2 Rxc7 33. Bb5 Rc5 34.
f3 Kf7 35. Kf2 Ke7 36. f4 f5 37. g4 g6 38. Ra3 Rc2+ 39. Kg3 Bc4 40. Kh4 Kf6 41.
g5+ Ke7 42. Kg3 Bd5 43. Bf1 Be4 1/2-1/2

[Event "Mechanics' Fall TNM; 30/90, SD/30"]
[Site "San Francisco"]
[Date "2012.11.27"]
[Round "7.24"]
[White "Frank, Robert"]
[Black "Allen, Tom"]
[Result "0-1"]
[WhiteElo "1263"]
[BlackElo "1504"]
[PlyCount "70"]
[EventDate "2012.??.??"]

1. d4 d5 2. Nf3 Nc6 3. Bf4 Nf6 4. e3 Bg4 5. h3 Bh5 6. c4 e6 7. cxd5 Nxd5 8. Bh2
Bd6 9. Bxd6 Qxd6 10. Nc3 O-O 11. a3 Nxc3 12. bxc3 Rfe8 13. Be2 Rad8 14. O-O Ne7
15. Nh4 Bxe2 16. Qxe2 Nc6 17. Nf3 Na5 18. Nd2 c5 19. Qb5 b6 20. Nc4 Nxc4 21.
Qxc4 Rc8 22. Rfc1 cxd4 23. Qxd4 Qe7 24. Qb4 Rc5 25. a4 Qc7 26. Rc2 Rc8 27. Rac1
Qc6 28. c4 a6 29. Kf1 b5 30. f3 bxc4 31. Ke2 a5 32. Qa3 c3 33. Rd1 Rd5 34. Rd3
Rxd3 35. Kxd3 Qc4# 0-1

[Event "Mechanics' Summer TNM; 30/90, SD/30"]
[Site "San Francisco"]
[Date "2012.07.10"]
[Round "8.28"]
[White "Frank, Robert"]
[Black "Bayaraa, Chingun"]
[Result "1-0"]
[WhiteElo "1361"]
[BlackElo "1270"]
[PlyCount "79"]
[EventDate "2012.??.??"]

1. d4 d5 2. Nf3 Nf6 3. e3 Nc6 4. Bd3 e6 5. Nbd2 Be7 6. c3 O-O 7. e4 dxe4 8.
Nxe4 Nxe4 9. Bxe4 Bd7 10. O-O Bf6 11. Bf4 Qc8 12. Qd3 h6 13. Qe3 Re8 14. b4 e5
15. dxe5 Nxe5 16. Nxe5 Bxe5 17. Bxe5 Rxe5 18. Bh7+ Kxh7 19. Qxe5 Be6 20. Rfd1
Qe8 21. Qe4+ Kg8 22. Qxb7 c6 23. Qc7 Bd5 24. Re1 Qc8 25. Qe7 Qa6 26. f3 Qb6+
27. Kh1 Rf8 28. a4 Qf2 29. Qe3 Qxe3 30. Rxe3 g5 31. Re7 Ra8 32. Rc1 Kf8 33.
Rce1 a5 34. b5 cxb5 35. axb5 Rb8 36. Rc7 a4 37. c4 Be6 38. Rc1 Ke8 39. Ra7 Kd8
40. Rxa4 1-0